| 000 | 00655nam a22002057a 4500 | ||
|---|---|---|---|
| 005 | 20250619151641.0 | ||
| 010 | _aDEC24SC ENG-142968 ENG-145465 | ||
| 020 |
_a9789358700190 _c699.00 |
||
| 035 | _aEN-126500 | ||
| 035 | _aEN-128997 | ||
| 037 | _bDBAD | ||
| 082 |
_a330.44 _27 |
||
| 100 |
_aVivek Singh _982158 |
||
| 245 |
_aIndian Economy/ _cBy Vivek Singh |
||
| 250 | _a7 | ||
| 260 |
_aNew Delhi _bS Chand and Company Limited _c2023 |
||
| 270 |
_a A-27, 2nd Floor, Mohan Co-operative Industrial Estate _bNew Delhi _e110044 _minfo@schandpublishing.com _k011-49731800 |
||
| 300 |
_a466p. _c26cm(pb) |
||
| 942 |
_2ddc _cEN _h330.44 _mVIV _e7 |
||
| 999 |
_c207613 _d207613 |
||